|
|
|
|
| LEADER |
00764nab a2200193 i 4500 |
| 001 |
misc8804 |
| 005 |
20191106143758.0 |
| 008 |
170607s1911 hu o 0|| hun d |
| 022 |
|
|
|a 0025-0260
|
| 040 |
|
|
|a SZTE Miscellanea Repozitórium
|b hun
|
| 041 |
|
|
|a hun
|
| 100 |
1 |
|
|a Szűcs Adolf
|
| 245 |
1 |
0 |
|a Lissák Jenő
|h [elektronikus dokumentum] :
|b A számtoló kézikönyve : [könyvismertetés] /
|c Szűcs Adolf
|
| 260 |
|
|
|c 1911
|
| 300 |
|
|
|a 243-244
|
| 490 |
0 |
|
|a Magyar pedagógia : a Magyar Tudományos Akadémia Pedagógiai Bizottságának folyóirata
|v 20
|
| 695 |
|
|
|a Matematika tanítása könyvismertetés, Logaritmustábla, Matematika tanítása
|
| 700 |
0 |
1 |
|a Lissák Jenő
|
| 856 |
4 |
0 |
|u http://misc.bibl.u-szeged.hu/8804/1/mp_1911_1633_243-244.pdf
|z Dokumentum-elérés
|